Nietzsche, his life and works /

Bibliographic Details
Main Author: Ludovici, Anthony M. (Anthony Mario), 1882-1971
Format: Book
Language:English
Published: New York : Dodge, [1910?]
Series:Philosophies ancient and modern.
Subjects:

MARC

Tag First Indicator Second Indicator Subfields
LEADER 00000cam a2200000 a 4500
001 in00000091518
005 20240515172150.0
008 860402s1910 nyu b 000 0 eng d
010 |a w 11000030  
019 |a 385436 
035 |a (OCoLC)ocm17381340  
035 |a (OCoLC)17381340  |z (OCoLC)385436 
035 |a (OCoLC)ocm17381340  
040 |a PAU  |b eng  |c PAU  |d WSU  |d OCLCQ  |d OCLCG  |d ZCU  |d OCLCQ  |d OCLCF  |d OCLCO  |d OCLCQ  |d OCLCA  |d OCLCO  |d OCLCQ  |d OCLCO  |d Y@Y  |d OCLCL 
050 4 |a B3316  |b .L8 
082 1 4 |a 190 LUD 
100 1 |a Ludovici, Anthony M.  |q (Anthony Mario),  |d 1882-1971. 
245 1 0 |a Nietzsche, his life and works /  |c by Anthony M. Ludovici ; preface by Oscar Levy. 
260 |a New York :  |b Dodge,  |c [1910?] 
300 |a xv, 101, [1] pages ;  |c 17 cm 
336 |a text  |b txt  |2 rdacontent 
337 |a unmediated  |b n  |2 rdamedia 
338 |a volume  |b nc  |2 rdacarrier 
490 1 |a Philosophies ancient and modern 
504 |a Includes bibliographical references. 
600 1 0 |a Nietzsche, Friedrich Wilhelm,  |d 1844-1900. 
600 1 7 |a Nietzsche, Friedrich Wilhelm,  |d 1844-1900  |2 fast  |0 (OCoLC)fst00031611  |1 https://id.oclc.org/worldcat/entity/E39PBJmtyMkfvvT3yjm9mrhWDq 
758 |i has work:  |a Nietzsche, his life and works (Text)  |1 https://id.oclc.org/worldcat/entity/E39PCGyFyxqJc4yVqJGyf8dbBP  |4 https://id.oclc.org/worldcat/ontology/hasWork 
776 0 8 |i Online version:  |a Ludovici, Anthony M. (Anthony Mario), 1882-1971.  |t Nietzsche, his life and works.  |d New York : Dodge, [1910?]  |w (OCoLC)818920302 
830 0 |a Philosophies ancient and modern. 
948 |h HELD BY TXA - 24 OTHER HOLDINGS 
994 |a Z0  |b TXA 
999 f f |s 5022b753-1c0c-3530-a1c3-6ad57c34ee9c  |i 69d9b66b-a3b0-3353-85ed-481e5d2cdd10  |t 0 
952 f f |p ric  |a Texas A&M University  |b Rellis Campus  |c Joint Library Facility  |s JLF  |d Remote Storage  |t 0  |e B3316 .L8  |h Library of Congress classification  |i unmediated -- volume  |m A14806084635